Financial markets + institutions / (Record no. 6836)

MARC details
000 -LEADER
fixed length control field 00642nam a2200217 4500
020 ## - INTERNATIONAL STANDARD BOOK NUMBER
ISBN 1292060484
050 00 - CALL NUMBER
Classification number HG181
Item number .M68
100 1# - AUTHOR
Personal name Mishkin, Frederic S.
245 10 - TITLE
Title Financial markets + institutions /
Statement of responsibility, etc Frederic S. Mishkin, Stanley G. Eakins.
250 ## - EDITION
Edition statement 8th edition.
260 ## - PUBLICATION INFORMATION
Place of publication England
Name of publisher Pearson Education Ltd
Year of publication 2015
300 ## - DESCRIPTION
Number of Pages various paging
Other physical details color illustrations ;
Dimensions 27 cm.
500 ## - NOTES
General note Includes index
650 #0 - SUBJECTS
Topical Term Financial institutions
650 #0 - SUBJECTS
Topical Term Money
650 #0 - SUBJECTS
Topical Term Money market
650 #0 - SUBJECTS
Topical Term Banks and banking
700 1# - OTHER AUTHORS
Personal name Eakins, Stanley G.
730 02 - OTHER AUTHORS
OTHER AUTHORS Financial markets and institutions.
942 ## - ADDED ENTRY ELEMENTS (KOHA)
Koha item type Books
Holdings
Withdrawn status Lost status Collection code Home library Current library Shelving location Date acquired Source of acquisition Full call number Accession Number Koha item type
    Reference Methodist University Library Main Methodist University Library Main General Stacks 27/11/2019 EPP HG181 .M68 8215 Books
    Reference Methodist University Library Main Methodist University Library Main General Stacks 27/11/2019 EPP HG181 .M68 8225 Books
Copyright © 2026  MUG Library